Regionalización del espacio productivo y nuevas formas de competencia entre Latinoamérica y Europa
Gardado en:
| Formato: | Texto |
|---|---|
| Materias: | |
| Etiquetas: |
Engadir etiqueta
Sen Etiquetas, Sexa o primeiro en etiquetar este rexistro!
|
MARC
| LEADER | 00000 a a2200000 04500 | ||
|---|---|---|---|
| 001 | 2485 | ||
| 003 | |||
| 040 | |||
| 245 | |a Regionalización del espacio productivo y nuevas formas de competencia entre Latinoamérica y Europa | ||
| 500 | |a Resumen del documento "La dinámica de la relación entre América Latina y el Caribe y la Comunidad Europea: regionalización del espacio productivo y nuevas formas de competencia y gestión (SP/CL/XX.O/DI n. 10), XX Consejo Latinoamericano del SELA, México 3 | ||
| 650 | |a COMERCIO EXTERIOR | ||
| 650 | |a ESPECIALIZACION DE LA PRODUCCION | ||
| 650 | |a COMPETITIVIDAD | ||
| 650 | |a ESTRUCTURA ECONOMICA | ||
| 773 | |g número 39; páginas 20-37 | ||
| 999 | |c 39087 |d 39087 | ||
